000 00284nam a22001337a 4500
008 181023b xxu||||| |||| 00| 0 eng d
020 _a9780582050709
041 _aeng
080 _a941
100 _a16
101 _aHIS
245 _aAfrican History
_cCurtin.P
942 _2udc
_cBK
999 _c50764
_d50764